Statistics for US Cities with Light Rail Systems aka Trams

Click here to take the quiz!

General Stats

  • This quiz has been taken 159 times
  • The average score is 35 of 41

Answer Stats

StateTram City% Correct
GAAtlanta
99%
TXDallas
99%
TXHouston
97%
WASeattle
96%
AZPhoenix
95%
ORPortland
95%
D.C.Washington, D.C.
95%
MDBaltimore
94%
MABoston
94%
CODenver
94%
LANew Orleans
94%
UTSalt Lake City
94%
CASan Diego
94%
OHCleveland
93%
PAPhiladelphia
93%
CALOs Angeles
92%
OKOklahoma City
92%
CASan Francisco
92%
PAPittsburgh
91%
NYBuffalo
90%
NCCharlotte
89%
OHCincinnati
89%
CASan Jose
89%
FLTampa
88%
MIDetroit
87%
TNMemphis
87%
MOKansas City
86%
WIMilwaukee
86%
MN-WIMinneapolis– Saint Paul
86%
CASacramento
86%
MOSt. Louis
86%
AZTucson
86%
NJNewark
85%
ARLittle Rock
81%
TXEl Paso
77%
WATacoma
77%
NJJersey City
75%
NJCamden– Trenton
74%
VANorfolk
70%
WIKenosha
46%
CAOceanside– Escondido
25%

Score Distribution

Percentile by Number Answered

Percent of People with Each Score

Your Score History

You have not taken this quiz